Design and the built environment of the Arctic / (Record no. 7377)
[ view plain ]
| 000 -LEADER | |
|---|---|
| fixed length control field | 02869cam a2200373 i 4500 |
| 001 - CONTROL NUMBER | |
| control field | 23382810 |
| 003 - CONTROL NUMBER IDENTIFIER | |
| control field | OSt |
| 005 - DATE AND TIME OF LATEST TRANSACTION | |
| control field | 20241210065017.0 |
| 008 - FIXED-LENGTH DATA ELEMENTS--GENERAL INFORMATION | |
| fixed length control field | 231113s2024 nyua b 001 0 eng |
| 010 ## - LIBRARY OF CONGRESS CONTROL NUMBER | |
| LC control number | 2023036925 |
| 020 ## - INTERNATIONAL STANDARD BOOK NUMBER | |
| International Standard Book Number | 9780367234423 |
| Qualifying information | (hardback) |
| 020 ## - INTERNATIONAL STANDARD BOOK NUMBER | |
| International Standard Book Number | 9781032667706 |
| Qualifying information | (paperback) |
| 020 ## - INTERNATIONAL STANDARD BOOK NUMBER | |
| Canceled/invalid ISBN | 9780429279874 |
| Qualifying information | (ebook) |
| 040 ## - CATALOGING SOURCE | |
| Original cataloging agency | DLC |
| Language of cataloging | eng |
| Description conventions | rda |
| Transcribing agency | DLC |
| Modifying agency | DLC |
| 042 ## - AUTHENTICATION CODE | |
| Authentication code | pcc |
| 043 ## - GEOGRAPHIC AREA CODE | |
| Geographic area code | r------ |
| 050 00 - LIBRARY OF CONGRESS CALL NUMBER | |
| Classification number | NA2542.A72 |
| Item number | D47 2024 |
| 082 00 - DEWEY DECIMAL CLASSIFICATION NUMBER | |
| Classification number | 720.9113 D47 2024 |
| Edition number | 23/eng/20231115 |
| 245 00 - TITLE STATEMENT | |
| Title | Design and the built environment of the Arctic / |
| Statement of responsibility, etc. | edited by Leena Cho and Matthew Jull. |
| 264 #1 - PRODUCTION, PUBLICATION, DISTRIBUTION, MANUFACTURE, AND COPYRIGHT NOTICE | |
| Place of production, publication, distribution, manufacture | New York, NY : |
| Name of producer, publisher, distributor, manufacturer | Routledge/Taylor & Francis Group, |
| Date of production, publication, distribution, manufacture, or copyright notice | 2024. |
| 300 ## - PHYSICAL DESCRIPTION | |
| Extent | xxii, 246 pages : |
| Other physical details | illustrations ; |
| Dimensions | 26 cm |
| 336 ## - CONTENT TYPE | |
| Content type term | text |
| Content type code | txt |
| Source | rdacontent |
| 337 ## - MEDIA TYPE | |
| Media type term | unmediated |
| Media type code | n |
| Source | rdamedia |
| 338 ## - CARRIER TYPE | |
| Carrier type term | volume |
| Carrier type code | nc |
| Source | rdacarrier |
| 504 ## - BIBLIOGRAPHY, ETC. NOTE | |
| Bibliography, etc. note | Includes bibliographical references and index. |
| 520 ## - SUMMARY, ETC. | |
| Summary, etc. | "Design and the Built Environment of the Arctic is a concise introductory guide to the design and planning of the built environments in the Arctic region. As the global forces of change are becoming more pronounced in the Arctic, the future trajectories for living environments, city-making processes and their adaptive capacities need to be addressed directly. This book presents eleven new and original contributions from both leading and emerging scholars and practitioners, positioning the Arctic as a dynamic, diverse, and lived place at the nexus of unprecedented socio-environmental transformations. The volume offers key concepts for understanding and spatializing Arctic cities and landscapes; similarities and differences in the development of design and planning approaches responsive to specific climatic and cultural conditions; and historical and geographic case studies that provide unique perspectives for the management of the built environment, from the scales of a building and infrastructure to cities and territories. Altogether, the contributions expand regional Arctic design scholarship to understand how the variability of the Arctic context influences the designed urban, architecture, and landscape systems, and offer numerous lessons for design and other forms of spatial practice both within and beyond the Arctic. This is a unique resource for researchers, creative practitioners, policymakers, and community decision-makers, as well as for advanced undergraduate and graduate students"-- |
| Assigning source | Provided by publisher. |
| 650 #0 - SUBJECT ADDED ENTRY--TOPICAL TERM | |
| Topical term or geographic name entry element | Architecture |
| Geographic subdivision | Arctic regions. |
| 650 #0 - SUBJECT ADDED ENTRY--TOPICAL TERM | |
| Topical term or geographic name entry element | City planning |
| Geographic subdivision | Arctic regions. |
| 700 1# - ADDED ENTRY--PERSONAL NAME | |
| Personal name | Cho, Leena, |
| Relator term | editor. |
| 700 1# - ADDED ENTRY--PERSONAL NAME | |
| Personal name | Jull, Matthew, |
| Relator term | editor. |
| 906 ## - LOCAL DATA ELEMENT F, LDF (RLIN) | |
| a | 7 |
| b | cbc |
| c | orignew |
| d | 1 |
| e | ecip |
| f | 20 |
| g | y-gencatlg |
| 942 ## - ADDED ENTRY ELEMENTS (KOHA) | |
| Source of classification or shelving scheme | Dewey Decimal Classification |
| Koha item type | English Book |
| Suppress in OPAC | No |
| Withdrawn status | Lost status | Source of classification or shelving scheme | Damaged status | Not for loan | Home library | Current library | Date acquired | Total Checkouts | Full call number | Barcode | Date last seen | Price effective from | Koha item type |
|---|---|---|---|---|---|---|---|---|---|---|---|---|---|
| Dewey Decimal Classification | CENTRAL | TUWAIQ | 12/10/2024 | 720.9113 D47 2024 | 1000000025274 | 12/10/2024 | 12/10/2024 | English Book |
